Emoji-Filmrätsel – Erkennst du den Film? - Statistiken

Allgemein
  • Dieses Quiz wurde 257 mal gespielt
  • Das Durchschnittsergebnis liegt bei 9 aus 15
Antwortstatistiken
Emoji-Filmrätsel Lösung % Korrekt
🦁👑 Der König der Löwen
99%
🚢❄️💔 Titanic
91%
🦖🌴🚁 Jurassic Park
86%
🐟🔍🌊 Findet Nemo
82%
🧙‍♂️💍🌋 Der Herr der Ringe
78%
👻🏠🚫 Ghostbusters
78%
🕷️🧑‍🎓🗽 Spider-Man
78%
🤵🔫🍸 James Bond
76%
❄️👭⛄ Die Eiskönigin
72%
🧽⭐🏠 SpongeBob Schwammkopf – Der Film
56%
🧑🦕🌍🐿️ Ice Age
53%
🧠🚘⚡ Zurück in die Zukunft
32%
🧑‍🚀🌕🇺🇸 Apollo 13
29%
👁️👁️👁️📺📡 Matrix
5%
👦🪓🌲 Der kleine Hobbit
4%
Keine übereinstimmenden Quizze gefunden
Verteilung der Resultate
Anzahl Personen mit jedem Resultat
Perzentil nach korrekt beantworteten Fragen
Ihre Resultats-Entwicklung
Sie haben dieses Quiz noch nicht gespielt